000 00986cam a22003137a 4500
003 CHAP
005 20220329143012.0
008 050615d2004 uk r 00110 eng d
010 _a90489
011 _a91461
020 _a0 85199 369 9
035 _a102020
040 _cCHAP
082 0 4 _a636.085
_bE55
245 1 4 _aThe Encyclopedia of farm animal nutrition
_c/ed. by M. F. Fuller
260 _aOxon :
_bCABI,
_c2004.
300 _a606 p.
590 _aBATCH-UPD
_b10
_c20130110
_lUCH01
_h0655
590 _aBATCH-UPD
_b10
_c20130410
_lUCH01
_h0340
590 _aBATCH-UPD
_b10
_c20130914
_lUCH01
_h1652
590 _aCONVERSION
_b10
_c20130109
_lUCH01
_h1350
650 1 4 _aAlimentos y alimentacion del ganado.
_94326
650 1 4 _aNutrición animal
_xEnciclopedias y diccionarios.
_982279
700 0 _aFuller, M. F.
_eed.
_943936
901 _aBK
905 _aLilia
942 _cLIBRO
949 _a636.085 E55
_bBC
_cC
_d33724000958310
_eC
_gI.00224358
_h101614
_i102020
_sb
_t$3.243.00
999 _c90489
_d90489